000 00420nam a22001457a 4500
999 _c8458
_d8459
008 200331b ||||| |||| 00| 0 eng d
020 _a9789993615347
082 _a423.1 SUH
100 _aSuh, Sangrok
245 _aKorean- Dzongkha- English Phrasebook
260 _aKorea ;
_bGyeongnam Dialectical Research Institute,
_c2019.
300 _a213 p.
_c21 cm.
650 _aKorean Dzongkha English Phrasebook
942 _2ddc